The noble scholar, jurist, historian


 His Excellency Dr. Abdul Wahhab bin Ibrahim Abu Sulaiman, may Allah have mercy on him.


 He was born in Umm Al-Qura in the year 1356 AH.

المصطلحات الأصولية في مباحث الأحكام وعلاقتها بالفكر الأصولي / (Record no. 2595)

MARC details
000 -LEADER
fixed length control field 02343cam a2200349 i 4500
003 - CONTROL NUMBER IDENTIFIER
control field SA-RiAUC
005 - DATE AND TIME OF LATEST TRANSACTION
control field 20241120140743.0
008 - FIXED-LENGTH DATA ELEMENTS--GENERAL INFORMATION
fixed length control field 241102s2003____ts g bd f00100 ara c
024 0# - OTHER STANDARD IDENTIFIER
Standard number or code 00000000972911
024 0# - OTHER STANDARD IDENTIFIER
Standard number or code 00000000975823
040 ## - CATALOGING SOURCE
Original cataloging agency KW-ShULA
Language of cataloging ara
Transcribing agency SA-RiAUC
Modifying agency AE-DuMBRL
Description conventions rda
082 04 - DEWEY DECIMAL CLASSIFICATION NUMBER
Classification number 251.03
Assigning agency SA-RiAUC
090 ## - LOCALLY ASSIGNED LC-TYPE CALL NUMBER (OCLC); LOCAL CALL NUMBER (RLIN)
Classification number (OCLC) (R) ; Classification number, CALL (RLIN) (NR) 251.03
Local cutter number (OCLC) ; Book number/undivided call number, CALL (RLIN) م ح م
100 1# - MAIN ENTRY--PERSONAL NAME
Personal name محمد، عبد الله البشير
Relator term مؤلف.
245 12 - TITLE STATEMENT
Title المصطلحات الأصولية في مباحث الأحكام وعلاقتها بالفكر الأصولي /
Statement of responsibility, etc. بقلم أ. د. عبد الله البشير محمد.
250 ## - EDITION STATEMENT
Edition statement الطبعة الأولى.
264 #1 - PRODUCTION, PUBLICATION, DISTRIBUTION, MANUFACTURE, AND COPYRIGHT NOTICE
Place of production, publication, distribution, manufacture دبي، الإمارات العربية المتحدة :
Name of producer, publisher, distributor, manufacturer دار البحوث للدراسات الإسلامية وإحياء التراث،
Date of production, publication, distribution, manufacture, or copyright notice 2003.
300 ## - PHYSICAL DESCRIPTION
Extent 283 صفحة ؛
Dimensions 24 سم.
336 ## - CONTENT TYPE
Content type term نص
Content type code txt
Source rdacontent
Materials specified كتاب
337 ## - MEDIA TYPE
Media type term بدون وسيط
Media type code n
Source rdamedia
338 ## - CARRIER TYPE
Carrier type term مجلد
Carrier type code nc
Source rdacarrier
490 0# - SERIES STATEMENT
Series statement سلسلة الدراسات الأصولية ؛
Volume/sequential designation 20
500 ## - GENERAL NOTE
General note يشتمل على كشافات.
504 ## - BIBLIOGRAPHY, ETC. NOTE
Bibliography, etc. note ببليوجرافية : صفحة 260-277.
520 ## - SUMMARY, ETC.
Summary, etc. يتناول كتاب (المصطلحات الأصولية في مباحث الأحكام وعلاقتها بالفكر الأصولي) والذي قام بتأليفه د. عبد الله البشير محمد، موضوع (المصطلحات الأصولية) الكتاب استعرض فيه مؤلفه الاصطلاح الأصولي في مباحث الأحكام، لا سيما تلك المصطلحات التي تباينت لفظا واتحدت معنى، أو اتحدت لفظا وتباينت معنى، وذلك بحسب ورودها في المناهج الأصولية، على أنه لم يغفل وجه ارتباطه بالفكر الأصولي، والذي هو عند المحققين منبع تلك المصطلحات وأساسها.
650 #7 - SUBJECT ADDED ENTRY--TOPICAL TERM
Topical term or geographic name entry element الفقه الإسلامي
Form subdivision مصطلحات
Source of heading or term aucsh
650 #7 - SUBJECT ADDED ENTRY--TOPICAL TERM
Topical term or geographic name entry element أصول الفقه الإسلامي
Form subdivision مصطلحات
Source of heading or term aucsh
650 #7 - SUBJECT ADDED ENTRY--TOPICAL TERM
Topical term or geographic name entry element اللغة العربية
Form subdivision مصطلحات
Source of heading or term aucsh
942 ## - ADDED ENTRY ELEMENTS (KOHA)
Source of classification or shelving scheme Dewey Decimal Classification
Koha item type Books
Suppress in OPAC No
949 ## - LOCAL PROCESSING INFORMATION (OCLC)
a SA-JeALM
d 241102
u mohamedma123
n 1
Holdings
Withdrawn status Lost status Source of classification or shelving scheme Damaged status Not for loan Home library Current library Date acquired Total checkouts Full call number Barcode Date last seen Price effective from Koha item type
    Dewey Decimal Classification     DR AbdElwahab Library DR AbdElwahab Library 11/20/2024   251.03 م ح م 000003997 11/20/2024 11/20/2024 Books